Lezioni di Analisi / (Record no. 143714)

MARC details
000 -LEADER
campo de control de longitud fija 00778nam a22002417 4500
001 - NÚMERO DE CONTROL
campo de control 143714
003 - IDENTIFICADOR DE NÚMERO DE CONTROL
campo de control SpMaBN
005 - FECHA Y HORA DE LA ÚLTIMA TRANSACCIÓN
campo de control 20250903005840.0
008 - DATOS DE LONGITUD FIJA--INFORMACIÓN GENERAL
campo de control de longitud fija 000616s1933 it | ||| ||ita
016 7# - NÚMERO DE CONTROL DE UNA AGENCIA BIBLIOGRÁFICA NACIONAL
Número de control del registro bimoBNE20001300385
Fuente SpMaBN
035 ## - NÚMERO DE CONTROL DEL SISTEMA
Número de control de sistema (OCoLC)432787209
040 ## - FUENTE DE CATALOGACIÓN
Centro catalogador/agencia de origen SpMaBN
Lengua de catalogación spa
Centro/agencia transcriptor SpMaBN
Normas de descripción rdc
Centro/agencia modificador ES-MaACL
080 ## - NÚMERO DE LA CLASIFICACIÓN DECIMAL UNIVERSAL
Número de la Clasificación Decimal Universal 517
100 0# - ENTRADA PRINCIPAL--NOMBRE DE PERSONA
Nombre de persona Severi, Francesco
Número de control del registro de autoridad o número normalizado XX1186323
9 (RLIN) 105916
245 10 - MENCIÓN DEL TÍTULO
Título Lezioni di Analisi /
Mención de responsabilidad, etc. Francesco Severi
260 ## - PUBLICACIÓN, DISTRIBUCIÓN, ETC.
Lugar de publicación, distribución, etc. Bologna :
Nombre del editor, distribuidor, etc. Nicola Zanichelli,
Fecha de publicación, distribución, etc. 1933-
300 ## - DESCRIPCIÓN FÍSICA
Extensión v. 1 ;
Dimensiones 24 cm
505 1# - NOTA DE CONTENIDO CON FORMATO
Nota de contenido con formato I. Determinanti, equazioni lineari, limiti derivate e differenziali, funzioni ed equazioni algebriche
650 #7 - PUNTO DE ACCESO ADICIONAL DE MATERIA--TÉRMINO DE MATERIA
Término de materia o nombre geográfico como elemento de entrada Cálculo
Fuente del encabezamiento o término embne
9 (RLIN) 10668
942 ## - ELEMENTOS DE ENTRADA SECUNDARIOS (KOHA)
Fuente del sistema de clasificación o colocación Clasificación decimal universal
Tipo de ítem Koha Libro impreso
Holdings
Estatus retirado Estado de pérdida Estado de daño No para préstamo Biblioteca de origen Biblioteca actual Ubicación en estantería Fecha de adquisición Fuente de adquisición Total de préstamos Signatura topográfica completa Código de barras Visto por última vez Precio de reemplazo Tipo de ítem Koha
        Biblioteca del Ateneo de Madrid Biblioteca del Ateneo de Madrid Sala Pardo Bazán 17/01/2008     B-13086 1149523 23/02/2023 23/02/2023 Libro impreso